Economic Essence of Agricultural Melioration and Scientific-Methodologic Aspects of Its Development

Teoretický rámec zlepšenia, klasifikácie amelioračných látok a faktorov ovplyvňujúcich trvalo udržateľný rozvoj. Rekultiváci pôdy, poveternostné podmienky, úrodnosť pôdy, dostupnosť dostatočných vodných zdrojov a ďalšie faktory majú veľký vplyv na výnosy plodín, produktivitu hospodárskych zvierat, n...

ver descrição completa

Na minha lista:
Detalhes bibliográficos
Autor principal: Sultanov, Bahodir
Formato: Capítulo de Livro
Idioma:inglês
Assuntos:
Tags: Adicionar Tag
Sem tags, seja o primeiro a adicionar uma tag!

MARC

LEADER 00000nla a2200000 4500
001 0243665
005 20220803170658.6
041 0 |a eng 
044 |a MK 
245 1 0 |a Economic Essence of Agricultural Melioration and Scientific-Methodologic Aspects of Its Development  |c Bahodir Sultanov 
520 |a Teoretický rámec zlepšenia, klasifikácie amelioračných látok a faktorov ovplyvňujúcich trvalo udržateľný rozvoj. Rekultiváci pôdy, poveternostné podmienky, úrodnosť pôdy, dostupnosť dostatočných vodných zdrojov a ďalšie faktory majú veľký vplyv na výnosy plodín, produktivitu hospodárskych zvierat, náklady na pracovnú silu a výrobok. 
610 2 0 |a rekultivácia 
610 2 0 |a poľnohospodárstvo 
610 2 0 |a rozvoj trvalo udržateľný 
610 2 0 |a faktory rastu hospodárskeho 
610 2 0 |a pôda poľnohospodárska 
100 1 |a Sultanov, Bahodir